Science and society in Southern Africa (Record no. 278387)

MARC details
000 -LEADER
fixed length control field 00706nam a2200253Ia 4500
003 - CONTROL NUMBER IDENTIFIER
control field OSt
005 - DATE AND TIME OF LATEST TRANSACTION
control field 20220918223424.0
008 - FIXED-LENGTH DATA ELEMENTS--GENERAL INFORMATION
fixed length control field 220917b |||||||| |||| 00| 0 eng d
037 ## - SOURCE OF ACQUISITION
Terms of availability Textual
040 ## - CATALOGING SOURCE
Original cataloging agency ARTS
Transcribing agency ARTS
Language of cataloging eng
041 ## - LANGUAGE CODE
Source of code eng
Language code of text/sound track or separate title eng
100 ## - MAIN ENTRY--PERSONAL NAME
Personal name Dubow Saul Ed.
9 (RLIN) 145695
245 #0 - TITLE STATEMENT
Title Science and society in Southern Africa
260 ## - PUBLICATION, DISTRIBUTION, ETC.
Place of publication, distribution, etc. Machester
Name of publisher, distributor, etc. Machester University Press USA
Date of publication, distribution, etc. 2000
300 ## - PHYSICAL DESCRIPTION
Extent x, 241p
Dimensions cm.
490 ## - SERIES STATEMENT
Series statement Studies in imperialism
650 ## - SUBJECT ADDED ENTRY--TOPICAL TERM
Topical term or geographic name entry element SCIENCE; SOCIOLOGY
9 (RLIN) 145696
942 ## - ADDED ENTRY ELEMENTS (KOHA)
Classification part A:(Y).63, P0
Koha item type Textual
Source of classification or shelving scheme Colon Classification (CC)
Holdings
Withdrawn status Lost status Damaged status Not for loan Home library Current library Date acquired Total Checkouts Full call number Barcode Date last seen Price effective from Koha item type
        Arts Library Arts Library 2022-09-18   A:(Y).63 P0 AL1338146 2022-09-18 2022-09-18 Textual
Copyright @ Delhi University Library System